<?xml version="1.0" encoding="UTF-8"?>
<record
    xmlns:xsi="http://www.w3.org/2001/XMLSchema-instance"
    xsi:schemaLocation="http://www.loc.gov/MARC21/slim http://www.loc.gov/standards/marcxml/schema/MARC21slim.xsd"
    xmlns="http://www.loc.gov/MARC21/slim">

  <leader>03571nam a2200397 a 4500</leader>
  <controlfield tag="001">dia_861</controlfield>
  <controlfield tag="003">CHAP</controlfield>
  <controlfield tag="005">20251014124545.0</controlfield>
  <controlfield tag="007">ta</controlfield>
  <controlfield tag="008">220117s1992    mx ad  frm    001 0 spa d</controlfield>
  <datafield tag="010" ind1=" " ind2=" ">
    <subfield code="a">171410</subfield>
  </datafield>
  <datafield tag="040" ind1=" " ind2=" ">
    <subfield code="a">mxchpua</subfield>
    <subfield code="c">CHAP</subfield>
  </datafield>
  <datafield tag="041" ind1="0" ind2=" ">
    <subfield code="a">spa</subfield>
  </datafield>
  <datafield tag="090" ind1=" " ind2=" ">
    <subfield code="a">Tesis</subfield>
    <subfield code="b">V46</subfield>
    <subfield code="c">1992</subfield>
  </datafield>
  <datafield tag="100" ind1="1" ind2=" ">
    <subfield code="a">Vanegas Olmos, Juan Gustavo</subfield>
  </datafield>
  <datafield tag="245" ind1="1" ind2="0">
    <subfield code="a">Obtenci&#xF3;n de colorantes a partir de semilla de achiote (Bixa orellana L.) /</subfield>
    <subfield code="c">Juan Gustavo Vanegas Olmos</subfield>
  </datafield>
  <datafield tag="264" ind1=" " ind2=" ">
    <subfield code="a">Chapingo, M&#xE9;xico :</subfield>
    <subfield code="b">El autor,</subfield>
    <subfield code="c">1992</subfield>
  </datafield>
  <datafield tag="300" ind1=" " ind2=" ">
    <subfield code="a">77 hojas :</subfield>
    <subfield code="b">ilustraciones, tablas, gr&#xE1;ficas</subfield>
  </datafield>
  <datafield tag="336" ind1=" " ind2=" ">
    <subfield code="2">rdacontent</subfield>
    <subfield code="a">texto</subfield>
    <subfield code="b">txt</subfield>
  </datafield>
  <datafield tag="337" ind1=" " ind2=" ">
    <subfield code="2">rdamedia</subfield>
    <subfield code="a">no mediado</subfield>
    <subfield code="b">n</subfield>
  </datafield>
  <datafield tag="338" ind1=" " ind2=" ">
    <subfield code="2">rdacarrier</subfield>
    <subfield code="a">volumen</subfield>
    <subfield code="b">nc</subfield>
  </datafield>
  <datafield tag="502" ind1=" " ind2=" ">
    <subfield code="a">Tesis</subfield>
    <subfield code="b">(Ingeniero Agroindustrial) --</subfield>
    <subfield code="c">UACh. Departamento de Ingenier&#xED;a Agroindustrial,</subfield>
    <subfield code="d">1992</subfield>
  </datafield>
  <datafield tag="504" ind1=" " ind2=" ">
    <subfield code="a">Bibliograf&#xED;a: hojas 72-76</subfield>
  </datafield>
  <datafield tag="520" ind1="2" ind2=" ">
    <subfield code="a">El achiote (Bixa orellana L.) es una planta semisilvestre originaria de las &#xE1;reas tropicales y subtropicales de M&#xE9;xico, us&#xE1;ndose desde tiempos precolombinos como colorante y planta medicinal. Actualmente su uso principal en M&#xE9;xico es como condimento y colorante encontr&#xE1;ndose mayor difusi&#xF3;n en el Sureste del pa&#xED;s (25). En M&#xE9;xico, como en la mayor&#xED;a de los pa&#xED;ses subdesarrollados, se tiene un uso indiscriminado de colorantes de tipo sint&#xE9;tico, los cuales se ha demostrado su potencialidad cancer&#xED;gena, raz&#xF3;n por la cual su empleo a sido prohibido en pa&#xED;ses como Estados Unidos, Canad&#xE1; Jap&#xF3;n y en los europeos. La principal desventaja con que cuentan los colorantes naturales ante los artificiales es su poca estabilidad y en el caso de M&#xE9;xico, su poco desarrollo tecnol&#xF3;gico en materia de extracci&#xF3;n (18). Los objetivos que se plantearon en la presente investigaci&#xF3;n fue la de obtener un extracto de colorante de achiote, cuantificarlo, medir su estabilidad ante agentes externos como luz y temperatura, para finalmente probarlo en un alimento en este caso queso. El colorante se extrajo en un medio acuoso, pH 13 para posteriormente, determinar su estabilidad a diferentes temperaturas (de 30&#xB0; a 85C) y condiciones de luz. Se obtuvieron los diferentes valores de las constantes cin&#xE9;ticas de primer orden aplicado a su descomposici&#xF3;n (kesde 0.44 hasta 0.004). La energ&#xED;a de activaci&#xF3;n fue de 13132.4569 cal/mol, el valor z de 60.18C y el valor de Q1o fue de 1.6. La estabilidad de la luz (a 32&#xB0;C) presenta un valor de degradaci&#xF3;n decimal D= 1314.46 minutos para la luz incandescente (60 Watts). El valor D de obscuridad fue de 1738.88 minutos y con luz solar (natural) en frasco &#xE1;mbar de 1359.95 minutos. El colorante se aplic&#xF3; en queso Chapingo, obteni&#xE9;ndose los valores Hunter de L, a y b de 79.7, 1.3 y 35.0 respectivamente. El colorante extra&#xED;do se compar&#xF3; con queso elaborado en forma tradicional, en un an&#xE1;lisis sensorial con una prueba de Friedman no encontr&#xE1;ndose diferencias significativas en los atributos de aroma, textura y sabor, no as&#xED; en el color, donde se obtuvo una preferencia por el queso coloreado con el achiote extra&#xED;do.</subfield>
  </datafield>
  <datafield tag="650" ind1="1" ind2="3">
    <subfield code="a">Bixa orellana</subfield>
    <subfield code="2">atg</subfield>
    <subfield code="x">Colorantes alimentarios</subfield>
  </datafield>
  <datafield tag="650" ind1="1" ind2="3">
    <subfield code="a">Aditivos alimentarios</subfield>
    <subfield code="2">atg</subfield>
  </datafield>
  <datafield tag="650" ind1="1" ind2="3">
    <subfield code="a">Bixa orellana</subfield>
    <subfield code="2">atg</subfield>
    <subfield code="x">Food colorants</subfield>
  </datafield>
  <datafield tag="650" ind1="1" ind2="3">
    <subfield code="a">Food additives  </subfield>
    <subfield code="2">atg</subfield>
  </datafield>
  <datafield tag="700" ind1="1" ind2=" ">
    <subfield code="a">Valle Vega, Pedro</subfield>
    <subfield code="e">director</subfield>
  </datafield>
  <datafield tag="700" ind1="1" ind2=" ">
    <subfield code="a">Espinosa Solares, Teodoro</subfield>
    <subfield code="e">asesor</subfield>
  </datafield>
  <datafield tag="700" ind1="1" ind2=" ">
    <subfield code="a">Castillo Merino, Jorge</subfield>
    <subfield code="e">asesor</subfield>
  </datafield>
  <datafield tag="901" ind1=" " ind2=" ">
    <subfield code="a">TESIS V46 1992</subfield>
  </datafield>
  <datafield tag="902" ind1=" " ind2=" ">
    <subfield code="a">M</subfield>
  </datafield>
  <datafield tag="905" ind1=" " ind2=" ">
    <subfield code="a">0000001992                          mx     0000000000spa00</subfield>
  </datafield>
  <datafield tag="942" ind1=" " ind2=" ">
    <subfield code="c">TESIS</subfield>
    <subfield code="2">Clasificaci&#xF3;n Universidad Aut&#xF3;noma Chapingo</subfield>
  </datafield>
  <datafield tag="999" ind1=" " ind2=" ">
    <subfield code="c">171410</subfield>
    <subfield code="d">171410</subfield>
  </datafield>
  <datafield tag="952" ind1=" " ind2=" ">
    <subfield code="0">0</subfield>
    <subfield code="1">0</subfield>
    <subfield code="2">local</subfield>
    <subfield code="4">0</subfield>
    <subfield code="5">1</subfield>
    <subfield code="7">0</subfield>
    <subfield code="8">TESIS</subfield>
    <subfield code="a">IA_</subfield>
    <subfield code="b">IA_</subfield>
    <subfield code="d">2025-10-14</subfield>
    <subfield code="e">El autor</subfield>
    <subfield code="l">0</subfield>
    <subfield code="o">Tesis V46 1992</subfield>
    <subfield code="p">1101016102</subfield>
    <subfield code="r">2026-02-02 00:00:00</subfield>
    <subfield code="t">Ej.1</subfield>
    <subfield code="w">2025-10-14</subfield>
    <subfield code="y">TESIS</subfield>
  </datafield>
  <datafield tag="952" ind1=" " ind2=" ">
    <subfield code="0">0</subfield>
    <subfield code="1">0</subfield>
    <subfield code="2">local</subfield>
    <subfield code="4">0</subfield>
    <subfield code="5">5</subfield>
    <subfield code="7">0</subfield>
    <subfield code="8">TESIS</subfield>
    <subfield code="a">IA_</subfield>
    <subfield code="b">IA_</subfield>
    <subfield code="d">2025-10-14</subfield>
    <subfield code="e">El autor</subfield>
    <subfield code="l">0</subfield>
    <subfield code="o">Tesis V46 1992</subfield>
    <subfield code="p">1101016103</subfield>
    <subfield code="r">2026-02-02 00:00:00</subfield>
    <subfield code="t">Ej.2</subfield>
    <subfield code="w">2025-10-14</subfield>
    <subfield code="y">TESIS</subfield>
  </datafield>
</record>
